000
00305nam a22001097a 4500
999
_c
4234
_d
4234
008
250128b ||||| |||| 00| 0 eng d
020
_a
9780753473825
082
_a
591.734 CAL
100
_a
CALLERY,SEAN
_e
SEAN CALLERY
245
_a
LIFE CYCLES ,RAINFOREST
942
_2
ddc
_h
591.734 CAL